000 01029nam a22003137a 4500
003 DO-SdBPM
005 20251218122615.0
007 ta
008 161206b2005 sp a 00| 0 spa d
020 _a9687854774
040 _aDO-SdBPM
_bspa
_cBPMSU
_erda
_d
082 4 _a152.47
_bL624v 2005
_222
100 1 _aLescano, Osvaldo Rubén
_4aut.
_eautor
245 1 0 _aConociendo nuestra emociones :
_bLa vergüenza /
_cOsvaldo Rubén Lescano ; ilustraciones Sandra Lescano
264 _aBarcelona :
_bLexus Editores ,
_c2005
300 _a24 páginas :
_bilustraciones,
_c24 cm.
336 _atexto
_btxt
_2rdacontent
337 _asin mediación
_bn
_2rdamedia
338 _avolumen
_bnc
_2rdacarrier
490 0 _aConociendo nuestras emociones
590 _aInventariado, 2025/VM
650 7 _aSentimientos
_xAspectos psicológicos.
650 7 _aEmociones
650 7 _aVergüenza
700 1 _aLavandeira, Sandra,
_eilustraciones
710 _aLexus
910 _aVMateo V. Control de calidad. BPMSU
942 _2ddc
_cBK
999 _c15591
_d15591